| Tag |
First Indicator |
Second Indicator |
Subfields |
| LEADER |
00000cam a2200000 a 4500 |
| 001 |
in00000001091 |
| 007 |
he bmb024baca |
| 008 |
981015s1998 dcu bb f000 0 eng d |
| 005 |
20230309222438.3 |
| 035 |
|
|
|a (OCoLC)ocm40113898
|
| 035 |
|
|
|a (OCoLC)40113898
|
| 035 |
|
|
|9 AHS7717AM
|
| 035 |
|
|
|a in00000001091
|
| 037 |
|
|
|a 008-020-01448-6
|b GPO
|f paper copy
|c $4.25
|
| 040 |
|
|
|a GPO
|c GPO
|d DLC
|d MvI
|d UtOrBLW
|
| 049 |
|
|
|a UDOC
|
| 049 |
|
|
|a WWW
|
| 074 |
|
|
|a 0378-H-05 (MF)
|
| 074 |
|
|
|a 0378-H-05 (online)
|
| 086 |
0 |
|
|a D 5.416:59
|
| 100 |
1 |
|
|a Gompert, David C.
|
| 245 |
1 |
0 |
|a Right makes might :
|b freedom and power in the information age /
|c David C. Gompert.
|
| 246 |
3 |
0 |
|a Freedom and power in the information age
|
| 264 |
|
1 |
|a Washington, DC :
|b Institute for National Strategic Studies, National Defense University,
|c [1998]
|
| 300 |
|
|
|a x, 73 pages ;
|c 23 cm.
|
| 336 |
|
|
|a text
|b txt
|2 rdacontent
|
| 337 |
|
|
|a microform
|b h
|2 rdamedia
|
| 338 |
|
|
|a microfiche
|b he
|2 rdacarrier
|
| 490 |
1 |
|
|a McNair paper,
|x 1071-7552 ;
|v no. 59
|
| 500 |
|
|
|a Shipping list number: 1998-0932-M.
|
| 500 |
|
|
|a "May 1998."
|
| 500 |
|
|
|a Shipping list number: 98-0932-M.
|
| 504 |
|
|
|a Includes bibliographical references.
|
| 533 |
|
|
|a Microfiche.
|b [Washington, D.C.] :
|c Supt. of Docs., U.S. G.P.O.,
|d [1998]
|e 1 microfiche : negative.
|
| 530 |
|
|
|a Also available via Internet from the INSS web site. Address as of 1/9/2000: http://www.ndu.edu/inss/macnair/mcnair59/m59cont.html ; current access available via PURL.
|
| 500 |
|
|
|a Microform.
|
| 650 |
|
0 |
|a Information technology
|x Social aspects
|z United States.
|
| 650 |
|
0 |
|a Power (Social sciences)
|z United States.
|
| 651 |
|
0 |
|a United States
|x Foreign relations.
|
| 650 |
|
0 |
|a World politics
|y 1945-1989.
|
| 710 |
2 |
|
|a National Defense University.
|b Institute for National Strategic Studies.
|
| 830 |
|
0 |
|a McNair papers ;
|v no. 59.
|
| 856 |
4 |
1 |
|u https://purl.fdlp.gov/GPO/LPS7916
|t 0
|
| 999 |
|
|
|a MARS
|
| 999 |
f |
f |
|i 46c2e808-8420-3a1a-ae8b-c31a738f28da
|s 0fcece60-2d4a-3d15-9c5d-852ee5024831
|t 0
|
| 952 |
f |
f |
|p normal
|a Texas A&M University
|b College Station
|c Sterling C. Evans Library
|d Evans: US Documents Microfiche (3rd floor)
|t 0
|e D 5.416:59
|h Superintendent of Documents classification
|i microform -- microfiche
|m A14824370961
|
| 952 |
f |
f |
|a Texas A&M University
|b College Station
|c Electronic Resources
|d Available Online
|t 0
|e D 5.416:59
|h Superintendent of Documents classification
|
| 998 |
f |
f |
|a D 5.416:59
|t 0
|l Evans: US Documents Microfiche (3rd floor)
|
| 998 |
f |
f |
|a D 5.416:59
|t 0
|l Available Online
|